<?xml version="1.0" encoding="UTF-8"?>
<collection xmlns="http://www.loc.gov/MARC21/slim">
 <record>
  <leader>04930cam a2200973   4500</leader>
  <controlfield tag="001">770040950</controlfield>
  <controlfield tag="003">DE-627</controlfield>
  <controlfield tag="005">20241025171030.0</controlfield>
  <controlfield tag="007">tu</controlfield>
  <controlfield tag="008">131016s2014    gw |||||      00| ||ger c</controlfield>
  <datafield tag="010" ind1=" " ind2=" ">
   <subfield code="a">  2014473305</subfield>
  </datafield>
  <datafield tag="015" ind1=" " ind2=" ">
   <subfield code="a">13,N42</subfield>
   <subfield code="2">dnb</subfield>
  </datafield>
  <datafield tag="016" ind1="7" ind2=" ">
   <subfield code="a">1042636672</subfield>
   <subfield code="2">DE-101</subfield>
  </datafield>
  <datafield tag="020" ind1=" " ind2=" ">
   <subfield code="a">9783837623154</subfield>
   <subfield code="c">Pb. : ca. EUR 35.80 (DE), ca. EUR 36.80 (AT), ca. sfr 46.50 (freier Pr.)</subfield>
   <subfield code="9">978-3-8376-2315-4</subfield>
  </datafield>
  <datafield tag="020" ind1=" " ind2=" ">
   <subfield code="a">3837623157</subfield>
   <subfield code="9">3-8376-2315-7</subfield>
  </datafield>
  <datafield tag="024" ind1="3" ind2=" ">
   <subfield code="a">9783837623154</subfield>
  </datafield>
  <datafield tag="035" ind1=" " ind2=" ">
   <subfield code="a">(DE-627)770040950</subfield>
  </datafield>
  <datafield tag="035" ind1=" " ind2=" ">
   <subfield code="a">(DE-576)394555449</subfield>
  </datafield>
  <datafield tag="035" ind1=" " ind2=" ">
   <subfield code="a">(DE-599)DNB1042636672</subfield>
  </datafield>
  <datafield tag="035" ind1=" " ind2=" ">
   <subfield code="a">(OCoLC)890127025</subfield>
  </datafield>
  <datafield tag="035" ind1=" " ind2=" ">
   <subfield code="a">(OCoLC)862985031</subfield>
  </datafield>
  <datafield tag="040" ind1=" " ind2=" ">
   <subfield code="a">DE-627</subfield>
   <subfield code="b">ger</subfield>
   <subfield code="c">DE-627</subfield>
   <subfield code="e">rakwb</subfield>
  </datafield>
  <datafield tag="041" ind1=" " ind2=" ">
   <subfield code="a">ger</subfield>
  </datafield>
  <datafield tag="044" ind1=" " ind2=" ">
   <subfield code="c">XA-DE-NW</subfield>
  </datafield>
  <datafield tag="050" ind1=" " ind2="0">
   <subfield code="a">NA500</subfield>
  </datafield>
  <datafield tag="072" ind1=" " ind2="7">
   <subfield code="a">AM;A</subfield>
   <subfield code="2">bicssc</subfield>
  </datafield>
  <datafield tag="072" ind1=" " ind2="7">
   <subfield code="a">ARC</subfield>
   <subfield code="2">bisacsh</subfield>
  </datafield>
  <datafield tag="072" ind1=" " ind2="7">
   <subfield code="a">9584</subfield>
   <subfield code="2">wsb</subfield>
  </datafield>
  <datafield tag="072" ind1=" " ind2="7">
   <subfield code="a">AM</subfield>
   <subfield code="2">bicssc</subfield>
  </datafield>
  <datafield tag="072" ind1=" " ind2="7">
   <subfield code="a">AK</subfield>
   <subfield code="2">bicssc</subfield>
  </datafield>
  <datafield tag="072" ind1=" " ind2="7">
   <subfield code="a">ARC010000</subfield>
   <subfield code="2">bisacsh</subfield>
  </datafield>
  <datafield tag="072" ind1=" " ind2="7">
   <subfield code="a">ARC 010000</subfield>
   <subfield code="2">bisacsh</subfield>
  </datafield>
  <datafield tag="072" ind1=" " ind2="7">
   <subfield code="a">DES 008000</subfield>
   <subfield code="2">bisacsh</subfield>
  </datafield>
  <datafield tag="082" ind1="0" ind2=" ">
   <subfield code="a">720.1</subfield>
   <subfield code="2">22/ger</subfield>
  </datafield>
  <datafield tag="082" ind1="0" ind2="4">
   <subfield code="a">720</subfield>
   <subfield code="q">DNB</subfield>
  </datafield>
  <datafield tag="084" ind1=" " ind2=" ">
   <subfield code="a">9,10</subfield>
   <subfield code="2">ssgn</subfield>
  </datafield>
  <datafield tag="084" ind1=" " ind2=" ">
   <subfield code="a">LH 67100</subfield>
   <subfield code="q">BVB</subfield>
   <subfield code="2">rvk</subfield>
   <subfield code="0">(DE-625)rvk/94579:</subfield>
  </datafield>
  <datafield tag="084" ind1=" " ind2=" ">
   <subfield code="a">ZH 3100</subfield>
   <subfield code="2">rvk</subfield>
   <subfield code="0">(DE-625)rvk/156111:</subfield>
  </datafield>
  <datafield tag="084" ind1=" " ind2=" ">
   <subfield code="a">56.62</subfield>
   <subfield code="2">bkl</subfield>
  </datafield>
  <datafield tag="090" ind1=" " ind2=" ">
   <subfield code="a">a</subfield>
  </datafield>
  <datafield tag="100" ind1="1" ind2=" ">
   <subfield code="a">Poerschke, Ute</subfield>
   <subfield code="d">1967-</subfield>
   <subfield code="0">(DE-588)140511881</subfield>
   <subfield code="0">(DE-627)703699652</subfield>
   <subfield code="0">(DE-576)265013674</subfield>
   <subfield code="4">aut</subfield>
  </datafield>
  <datafield tag="245" ind1="1" ind2="0">
   <subfield code="a">Funktionen und Formen</subfield>
   <subfield code="b">Architekturtheorie der Moderne</subfield>
   <subfield code="c">Ute Poerschke</subfield>
  </datafield>
  <datafield tag="264" ind1=" " ind2="1">
   <subfield code="a">Bielefeld</subfield>
   <subfield code="b">Transcript-Verl.</subfield>
   <subfield code="c">2014</subfield>
  </datafield>
  <datafield tag="300" ind1=" " ind2=" ">
   <subfield code="a">279 S.</subfield>
   <subfield code="b">Ill., graph. Darst.</subfield>
   <subfield code="c">23 m, 558 g</subfield>
  </datafield>
  <datafield tag="336" ind1=" " ind2=" ">
   <subfield code="a">Text</subfield>
   <subfield code="b">txt</subfield>
   <subfield code="2">rdacontent</subfield>
  </datafield>
  <datafield tag="337" ind1=" " ind2=" ">
   <subfield code="a">ohne Hilfsmittel zu benutzen</subfield>
   <subfield code="b">n</subfield>
   <subfield code="2">rdamedia</subfield>
  </datafield>
  <datafield tag="338" ind1=" " ind2=" ">
   <subfield code="a">Band</subfield>
   <subfield code="b">nc</subfield>
   <subfield code="2">rdacarrier</subfield>
  </datafield>
  <datafield tag="490" ind1="1" ind2=" ">
   <subfield code="a">Architekturen</subfield>
   <subfield code="v">Bd. 18</subfield>
  </datafield>
  <datafield tag="500" ind1=" " ind2=" ">
   <subfield code="a">Literaturverz. S. [259] - 273</subfield>
  </datafield>
  <datafield tag="583" ind1="1" ind2=" ">
   <subfield code="a">Archivierung/Langzeitarchivierung gewährleistet</subfield>
   <subfield code="f">SSG</subfield>
   <subfield code="x">XA-DE-BW</subfield>
   <subfield code="2">pdager</subfield>
   <subfield code="5">DE-16</subfield>
  </datafield>
  <datafield tag="650" ind1=" " ind2="0">
   <subfield code="a">Architecture, Modern</subfield>
  </datafield>
  <datafield tag="650" ind1=" " ind2="0">
   <subfield code="a">Architecture</subfield>
   <subfield code="x">Philosophy</subfield>
  </datafield>
  <datafield tag="689" ind1="0" ind2="0">
   <subfield code="d">s</subfield>
   <subfield code="0">(DE-588)4112587-3</subfield>
   <subfield code="0">(DE-627)105836109</subfield>
   <subfield code="0">(DE-576)20946920X</subfield>
   <subfield code="a">Architekturtheorie</subfield>
   <subfield code="2">gnd</subfield>
  </datafield>
  <datafield tag="689" ind1="0" ind2="1">
   <subfield code="d">s</subfield>
   <subfield code="0">(DE-588)4018924-7</subfield>
   <subfield code="0">(DE-627)106323423</subfield>
   <subfield code="0">(DE-576)208927158</subfield>
   <subfield code="a">Funktionalismus</subfield>
   <subfield code="g">Architektur</subfield>
   <subfield code="2">gnd</subfield>
  </datafield>
  <datafield tag="689" ind1="0" ind2="2">
   <subfield code="d">s</subfield>
   <subfield code="0">(DE-588)4039827-4</subfield>
   <subfield code="0">(DE-627)104658711</subfield>
   <subfield code="0">(DE-576)209036745</subfield>
   <subfield code="a">Moderne</subfield>
   <subfield code="2">gnd</subfield>
  </datafield>
  <datafield tag="689" ind1="0" ind2="3">
   <subfield code="d">s</subfield>
   <subfield code="0">(DE-588)4115604-3</subfield>
   <subfield code="0">(DE-627)104288515</subfield>
   <subfield code="0">(DE-576)20949462X</subfield>
   <subfield code="a">Postmoderne</subfield>
   <subfield code="2">gnd</subfield>
  </datafield>
  <datafield tag="689" ind1="0" ind2=" ">
   <subfield code="5">DE-101</subfield>
  </datafield>
  <datafield tag="689" ind1="1" ind2="0">
   <subfield code="d">s</subfield>
   <subfield code="0">(DE-588)4154987-9</subfield>
   <subfield code="0">(DE-627)105519146</subfield>
   <subfield code="0">(DE-576)209815396</subfield>
   <subfield code="a">Form</subfield>
   <subfield code="2">gnd</subfield>
  </datafield>
  <datafield tag="689" ind1="1" ind2="1">
   <subfield code="d">s</subfield>
   <subfield code="0">(DE-588)4195664-3</subfield>
   <subfield code="0">(DE-627)105210145</subfield>
   <subfield code="0">(DE-576)210102632</subfield>
   <subfield code="a">Funktion</subfield>
   <subfield code="2">gnd</subfield>
  </datafield>
  <datafield tag="689" ind1="1" ind2=" ">
   <subfield code="5">(DE-627)</subfield>
  </datafield>
  <datafield tag="776" ind1="1" ind2=" ">
   <subfield code="z">9783839423158</subfield>
   <subfield code="c"> (ePDF)</subfield>
  </datafield>
  <datafield tag="776" ind1="0" ind2="8">
   <subfield code="i">Erscheint auch als</subfield>
   <subfield code="n">Online-Ausgabe, Content Select</subfield>
   <subfield code="a">Poerschke, Ute, 1967 - </subfield>
   <subfield code="t">Funktionen und Formen</subfield>
   <subfield code="d">Bielefeld : transcript, 2014</subfield>
   <subfield code="h">1 Online-Ressource (279 Seiten)</subfield>
   <subfield code="w">(DE-627)165567904X</subfield>
   <subfield code="w">(DE-576)504114476</subfield>
   <subfield code="z">9783839423158</subfield>
  </datafield>
  <datafield tag="776" ind1="0" ind2="8">
   <subfield code="i">Erscheint auch als</subfield>
   <subfield code="n">Online-Ausgabe</subfield>
   <subfield code="a">Poerschke, Ute, 1967 - </subfield>
   <subfield code="t">Funktionen und Formen</subfield>
   <subfield code="d">Bielefeld : transcript, 2014</subfield>
   <subfield code="h">1 Online-Ressource (279 Seiten)</subfield>
   <subfield code="w">(DE-627)1657685934</subfield>
   <subfield code="w">(DE-576)406867348</subfield>
   <subfield code="z">9783837623154</subfield>
   <subfield code="z">9783839423158</subfield>
  </datafield>
  <datafield tag="776" ind1="0" ind2="8">
   <subfield code="i">Online-Ausg.</subfield>
   <subfield code="a">Poerschke, Ute, 1967 - </subfield>
   <subfield code="t">Funktionen und Formen</subfield>
   <subfield code="d">Bielefeld : transcript, 2014</subfield>
   <subfield code="h">1 Online-Ressource (279 Seiten)</subfield>
   <subfield code="w">(DE-627)1657685934</subfield>
   <subfield code="w">(DE-576)406867348</subfield>
   <subfield code="z">9783837623154</subfield>
   <subfield code="z">9783839423158</subfield>
  </datafield>
  <datafield tag="787" ind1="0" ind2="8">
   <subfield code="i">Rezensiert in</subfield>
   <subfield code="a">Dähne, Chris</subfield>
   <subfield code="t">[Rezension von: Ute Poerschke, Funktionen und Formen. Architekturtheorie der Moderne]</subfield>
   <subfield code="d">2016</subfield>
   <subfield code="w">(DE-627)1795824786</subfield>
  </datafield>
  <datafield tag="830" ind1=" " ind2="0">
   <subfield code="a">Architekturen</subfield>
   <subfield code="v">18</subfield>
   <subfield code="9">18</subfield>
   <subfield code="w">(DE-627)638412218</subfield>
   <subfield code="w">(DE-576)332934179</subfield>
   <subfield code="w">(DE-600)2578938-7</subfield>
   <subfield code="7">ns</subfield>
  </datafield>
  <datafield tag="856" ind1="4" ind2="2">
   <subfield code="u">http://www.gbv.de/dms/weimar/toc/770040950_toc.pdf</subfield>
   <subfield code="m">V:DE-601</subfield>
   <subfield code="m">B:DE-Wim2</subfield>
   <subfield code="q">application/pdf</subfield>
   <subfield code="x">Verlag</subfield>
   <subfield code="y">Inhaltsverzeichnis</subfield>
   <subfield code="3">Inhaltsverzeichnis</subfield>
  </datafield>
  <datafield tag="856" ind1="4" ind2="2">
   <subfield code="u">http://deposit.dnb.de/cgi-bin/dokserv?id=4468495&amp;prov=M&amp;dok_var=1&amp;dok_ext=htm</subfield>
   <subfield code="m">X: MVB</subfield>
   <subfield code="q">text/html</subfield>
   <subfield code="v">2013-10-16</subfield>
   <subfield code="x">Verlag</subfield>
   <subfield code="3">Inhaltstext</subfield>
  </datafield>
  <datafield tag="856" ind1="4" ind2="2">
   <subfield code="u">https://swbplus.bsz-bw.de/bsz394555449rez.htm</subfield>
   <subfield code="m">B:DE-576;DE-16</subfield>
   <subfield code="q">application/pdf</subfield>
   <subfield code="v">20160419114207</subfield>
   <subfield code="x">Verlag</subfield>
   <subfield code="3">Rezension</subfield>
  </datafield>
  <datafield tag="856" ind1="4" ind2="2">
   <subfield code="u">http://www.sehepunkte.de/2016/04/26024.html</subfield>
   <subfield code="m">V:DE-576;X:Sehepunkte</subfield>
   <subfield code="q">text/html</subfield>
   <subfield code="v">20180419093541</subfield>
   <subfield code="3">Rezension</subfield>
  </datafield>
  <datafield tag="935" ind1=" " ind2=" ">
   <subfield code="i">sf</subfield>
  </datafield>
  <datafield tag="935" ind1=" " ind2=" ">
   <subfield code="i">Blocktest</subfield>
  </datafield>
  <datafield tag="936" ind1="r" ind2="v">
   <subfield code="a">LH 67100</subfield>
   <subfield code="b">Theorie, Ästhetik, Architekturkritik</subfield>
   <subfield code="k">Kunstgeschichte</subfield>
   <subfield code="k">Allgemeines. Allgemeine Kunstgeschichte</subfield>
   <subfield code="k">Kunstgeschichte einzelner Gattungen der Kunst</subfield>
   <subfield code="k">Architektur</subfield>
   <subfield code="k">Theorie, Ästhetik, Architekturkritik</subfield>
   <subfield code="0">(DE-627)1270638270</subfield>
   <subfield code="0">(DE-625)rvk/94579:</subfield>
   <subfield code="0">(DE-576)200638270</subfield>
  </datafield>
  <datafield tag="936" ind1="r" ind2="v">
   <subfield code="a">ZH 3100</subfield>
   <subfield code="b">Bautheorie; Architekturtheorie; Architekturkritik</subfield>
   <subfield code="k">Technik</subfield>
   <subfield code="k">Architektur</subfield>
   <subfield code="k">Architekturpraxis</subfield>
   <subfield code="k">Bautheorie; Architekturtheorie; Architekturkritik</subfield>
   <subfield code="0">(DE-627)1270702947</subfield>
   <subfield code="0">(DE-625)rvk/156111:</subfield>
   <subfield code="0">(DE-576)200702947</subfield>
  </datafield>
  <datafield tag="936" ind1="b" ind2="k">
   <subfield code="a">56.62</subfield>
   <subfield code="j">Architekturtheorie</subfield>
   <subfield code="j">Architekturentwicklung</subfield>
   <subfield code="0">(DE-627)181570572</subfield>
  </datafield>
  <datafield tag="951" ind1=" " ind2=" ">
   <subfield code="a">BO</subfield>
  </datafield>
  <datafield tag="990" ind1=" " ind2=" ">
   <subfield code="a">Architekturtheorie</subfield>
  </datafield>
  <datafield tag="990" ind1=" " ind2=" ">
   <subfield code="a">Funktionalismus</subfield>
  </datafield>
  <datafield tag="990" ind1=" " ind2=" ">
   <subfield code="a">Moderne</subfield>
  </datafield>
  <datafield tag="990" ind1=" " ind2=" ">
   <subfield code="a">Postmoderne</subfield>
  </datafield>
  <datafield tag="990" ind1=" " ind2=" ">
   <subfield code="a">Form</subfield>
  </datafield>
  <datafield tag="990" ind1=" " ind2=" ">
   <subfield code="a">Funktion</subfield>
  </datafield>
  <datafield tag="991" ind1=" " ind2=" ">
   <subfield code="a">Rezensiertes Werk</subfield>
  </datafield>
  <datafield tag="999" ind1=" " ind2=" ">
   <subfield code="a">KXP-PPN770040950</subfield>
   <subfield code="e">4182350626</subfield>
  </datafield>
 </record>
</collection>
